Lý Hoài Thu - nghiên cứu phê bình văn học, hành trình tìm tòi và sáng tạo /

Spremljeno u:
Bibliografski detalji
Glavni autor: Hồ Thế Hà.
Format: Članak
Jezik:Vietnamese
Teme:
Oznake: Dodaj oznaku
Bez oznaka, Budi prvi tko označuje ovaj zapis!
Thư viện lưu trữ: Thư viện Trường Đại học Đà Lạt
LEADER 00792nam a2200253 4500
001 DLU170182230
005 ##20171201
040 # # |a DLU  |b vie 
041 # # |a vie 
044 # # |a vn 
100 # # |a Hồ Thế Hà. 
245 # # |a Lý Hoài Thu - nghiên cứu phê bình văn học, hành trình tìm tòi và sáng tạo /  |c Hồ Thế Hà. 
653 # # |a Lý Hoài Thu 
653 # # |a Nhà lý luận 
653 # # |a Phê bình văn học 
773 # # |t Tạp chí Lý luận, phê bình văn học, nghệ thuật  |g Số 51, 2016, tr. 63-66 
920 # # |a Phòng Tạp chí --Trung tâm Thông tin - Thư viện Trường Đại học Đà Lạt 
900 # # |a True 
911 # # |a Lê Thị Hồng 
925 # # |a G 
926 # # |a A 
927 # # |a BB 
980 # # |a Thư viện Trường Đại học Đà Lạt